[Event "CONTROLE 01"]
[Site "http://www.queenalice.com/game.php?id=812133"]
[Date "2010.8.2"]
[Round "-"]
[White "DG"]
[Black "Olavio"]
[Result "1-0"]
[WhiteElo "1672"]
[BlackElo "1563"]

1. e4 b6 2. d4 Bb7 3. Nc3 e6 4. Nf3 Nf6 5. e5 Nd5 6. Nxd5 exd5 7. Bg5 Be7 8.
Bxe7 Qxe7 9. Bd3 Nc6 10. O-O f6 11. Re1 Nb4 12. exf6 gxf6 13. Rxe7+ Kxe7 14. a3
Nxd3 15. Qxd3 Rae8 16. Re1+ Kd8 17. Rxe8+ Rxe8 18. Kf1 c6 19. Qxh7 c5 20. Qf7 a5
21. Qxf6+ Kc8 22. Qxb6 cxd4 23. Qxd4 Kb8 24. Qa4 Re4 25. Qxa5 d4 26. Qd8+ Bc8
27. c3 d3 28. Qb6+ Bb7 29. Qd6+ Ka7 30. Qxd3 d5 31. Ng5 Re5 32. Qd4+ Ka8 33.
Qxe5 Ka7 34. b4 Kb6 35. Ne6 Ba6+ 36. Ke1 Bc4 37. a4 d4 38. Qc7+ Ka6 39. Nc5# 1-0

[Event "XEQUE MATE"]
[Site "http://www.queenalice.com/game.php?id=826500"]
[Date "2010.9.1"]
[Round "5"]
[White "DG"]
[Black "josealexandreschultz"]
[Result "1-0"]
[WhiteElo "1668"]
[BlackElo "1747"]

1. e4 e5 2. Bc4 Nc6 3. Nf3 d6 4. h3 Nf6 5. Ng5 h6 6. Nxf7 Qe7 7. Nxh8 Be6 8.
Bxe6 Qxe6 9. d3 O-O-O 10. Ng6 Be7 11. Nc3 Kb8 12. O-O a6 13. Nxe7 Nxe7 14. Re1
Ng6 15. Ne2 Rf8 16. d4 Nxe4 17. d5 Qf5 18. f3 Ng5 19. Ng3 Qf7 20. h4 Nxh4 21.
Bxg5 hxg5 22. Ne4 Qf4 23. Qd2 Qxd2 24. Nxd2 Nf5 25. Ne4 Ne7 26. Nxg5 Nxd5 27.
Rad1 Nb4 28. Ne6 Rf7 29. Re4 Nc6 30. Rg4 b5 31. Nxg7 Nd4 32. Rd2 Kb7 33. c3 Nc6
34. b4 Kb6 35. Ne6 Rh7 36. Rg7 Rxg7 37. Nxg7 Ne7 38. g4 Ng6 39. g5 Kc6 40. Rh2
Nf4 41. Rh6 Kd5 42. g6 Kc6 43. Nf5 Kd7 44. g7 1-0

[Event "CONTROLE 02"]
[Site "http://www.queenalice.com/game.php?id=830777"]
[Date "2010.9.10"]
[Round "-"]
[White "Olavio"]
[Black "DG"]
[Result "1-0"]
[WhiteElo "1577"]
[BlackElo "1688"]

1. d4 d5 2. e3 f6 3. Bb5+ Bd7 4. Bd3 e5 5. dxe5 fxe5 6. b3 Nf6 7. Nf3 e4 8. Bxe4
dxe4 9. Ne5 Qe7 10. Qd4 Nc6 11. Nxc6 Bxc6 12. Ba3 Qf7 13. Qe5+ Qe7 14. Bxe7 Nd7
15. Qd4 Bxe7 16. Qxg7 Bf6 17. Qg4 O-O-O 18. Nd2 Bxa1 19. O-O Rdg8 20. Qe6 Rg6
21. Qf7 Rf6 22. Qg7 Rhf8 23. Rxa1 Rxf2 24. Rd1 R2f7 25. Qh6 Ne5 26. Nc4 Ng4 27.
Qe6+ Bd7 28. Qd5 c6 29. Nd6+ Kb8 30. Qxe4 Rf6 31. Qe7 Nxe3 32. Qxe3 Bg4 33. Qe7
Rxd6 34. Qxf8+ Kc7 35. Qxd6+ Kb6 36. Qb4+ Kc7 37. Qxg4 Kb6 38. Rd4 c5 39. Rd6+
Kb5 40. Qa4# 1-0

[Event "Challenge"]
[Site "http://www.queenalice.com/game.php?id=845448"]
[Date "2010.10.14"]
[Round "-"]
[White "DG"]
[Black "Olavio"]
[Result "1-0"]
[WhiteElo "1684"]
[BlackElo "1526"]

1. e4 e5 2. Bc4 Bc5 3. Nf3 Qf6 4. c3 Nh6 5. d4 exd4 6. cxd4 Bb4+ 7. Nc3 O-O 8.
Bg5 Qc6 9. Ne5 Bxc3+ 10. bxc3 Qxe4+ 11. Kf1 d6 12. Bd3 Qc6 13. Nxc6 Nxc6 14. g3
Bg4 15. Qc2 Bh3+ 16. Kg1 Rae8 17. Bxh7+ Kh8 18. Be4 Ne7 19. Bxb7 Ng6 20. Bg2 Bf5
21. Qd1 Re6 22. Qh5 Rfe8 23. Bd2 Bg4 24. Qa5 Nf8 25. Qxa7 g6 26. Bd5 Re2 27.
Bxh6 Bh3 28. f4 Nh7 29. Bc4 Rg2+ 30. Kf1 Rxa2+ 31. Kg1 Rxa7 32. Rxa7 Re1+ 33.
Kf2 Re8 34. Bxf7 Rb8 35. Bxg6 Nf6 36. Rxc7 Ng4+ 37. Kf3 Nxh6 38. Rh7+ Kg8 39.
Rxh6 Kg7 40. Rxh3 Kxg6 41. Re1 Rb3 42. Re6+ Kf5 43. Rxd6 Rxc3+ 44. Ke2 Ke4 45.
Kd2 Rd3+ 46. Kc2 Rf3 47. Rh8 Rf2+ 48. Kc3 Kf3 49. Re8 Kg2 50. Rde6 Rf3+ 51. Re3
Rxe3+ 52. Rxe3 Kxh2 53. f5 Kh3 54. f6 Kg4 55. f7 Kg5 56. f8=Q Kg6 57. Qc5 Kf6
58. Qe5+ Kf7 59. Rf3+ Kg8 60. Rf4 Kh7 61. Rg4 Kh6 62. Qg5+ Kh7 63. Rh4# 1-0

[Event "OS INCLIVEIS"]
[Site "http://www.queenalice.com/game.php?id=854595"]
[Date "2010.11.4"]
[Round "-"]
[White "adelio"]
[Black "DG"]
[Result "0-1"]
[WhiteElo "1681"]
[BlackElo "1687"]

1. g3 e5 2. b3 d5 3. Bb2 Nc6 4. Bg2 Nf6 5. d3 Bb4+ 6. Nd2 Bf5 7. h3 e4 8. Bxf6
Qxf6 9. Rb1 O-O 10. g4 Bxd2+ 11. Qxd2 Bg6 12. e3 exd3 13. cxd3 Rfe8 14. Bxd5
Rad8 15. Bg2 Rxd3 16. Qe2 Qc3+ 17. Kf1 Rd2 18. Qf3 Bxb1 19. Qe2 Qc1+ 20. Qe1
Bd3+ 21. Ne2 Bxe2+ 22. Kg1 Qxe1+ 23. Kh2 Qxf2 24. Rg1 Qxe3 25. Kh1 Rd1 26. Rxd1
Bxd1 27. Bxc6 Qxh3+ 28. Kg1 Re1+ 29. Kf2 Qc3 30. Bxb7 Re2+ 31. Kf1 Qe1# 0-1

[Event "Challenge"]
[Site "http://www.queenalice.com/game.php?id=856688"]
[Date "2010.11.9"]
[Round "-"]
[White "DG"]
[Black "giraldes"]
[Result "0-1"]
[WhiteElo "1660"]
[BlackElo "1557"]

1. c3 d5 2. d3 e5 3. Nf3 Nc6 4. d4 exd4 5. cxd4 Bb4+ 6. Bd2 Qe7 7. a3 Bxd2+ 8.
Qxd2 Bf5 9. Nc3 Nf6 10. Qf4 Be4 11. Nb5 O-O 12. Nxc7 Rac8 13. Nb5 Rfd8 14. g3
Nxd4 15. Nbxd4 Bxf3 16. Qxf3 Ne4 17. Nf5 Qe6 18. Qg4 g6 19. Nd4 Qxg4 20. f3 Qg5
21. fxe4 dxe4 22. Nb3 e3 23. Bg2 Rc7 24. O-O f5 25. Na5 Rd2 26. Nxb7 Rcc2 27.
Rac1 Rxc1 28. Rxc1 Rxe2 29. Bd5+ Kg7 30. Rc7+ Kh6 31. Nd6 Qf6 32. Nf7+ Kg7 33.
Nd6+ Kf8 34. Rf7+ Qxf7 35. Nxf7 Rxb2 36. Ne5 e2 37. Nf3 a5 38. Bc4 f4 39. gxf4
h5 40. h4 Rc2 41. Bd3 Ra2 42. Ne1 Ke7 43. Kf2 Kf6 44. Bxe2 Rxa3 45. Nc2 Ra4 46.
Ke3 Kf5 47. Bd1 Rxf4 48. Nd4+ Ke5 49. Nf3+ Kf5 50. Bc2+ Kg4 51. Ne5+ Kg3 52.
Nxg6 Rf3+ 53. Kd4 Ra3 54. Bd1 a4 55. Bxh5 Ra2 56. Be2 Rxe2 0-1

[Event "Challenge"]
[Site "http://www.queenalice.com/game.php?id=856690"]
[Date "2010.11.9"]
[Round "-"]
[White "giraldes"]
[Black "DG"]
[Result "0-1"]
[WhiteElo "1576"]
[BlackElo "1647"]

1. c4 d6 2. Nc3 e5 3. e4 Nf6 4. Nf3 Nc6 5. Nd5 Nxe4 6. d3 Nc5 7. Be3 Be6 8. Bxc5
dxc5 9. Qa4 Bxd5 10. cxd5 Qxd5 11. Be2 O-O-O 12. O-O Re8 13. Rad1 e4 14. dxe4
Qxe4 15. Qxe4 Rxe4 16. Bd3 Rb4 17. Rfe1 Be7 18. Bf5+ Kb8 19. Ne5 Nd4 20. Nxf7
Rf8 21. Rxe7 Nxf5 22. Red7 a5 23. b3 Rd4 24. R1xd4 cxd4 25. Ne5 Re8 26. f4 h6
27. Nc4 Kc8 28. Rf7 Nd6 29. Nxd6+ cxd6 30. Rxg7 d3 31. Rg3 d2 32. Rd3 Re1+ 33.
Kf2 d1=Q 34. Rxd1 Rxd1 35. f5 Rd2+ 36. Kf3 Kd8 37. g4 Rxa2 38. h4 Rb2 39. f6
Rxb3+ 40. Kf4 Ke8 41. Kf5 a4 42. Ke6 Kf8 43. f7 a3 44. g5 hxg5 45. hxg5 a2 46.
g6 Rg3 47. Kf6 a1=Q+ 48. Kf5 Qb1+ 49. Kf6 Qxg6# 0-1

[Event "OS INCLIVEIS"]
[Site "http://www.queenalice.com/game.php?id=865346"]
[Date "2010.11.29"]
[Round "-"]
[White "adelio"]
[Black "DG"]
[Result "1-0"]
[WhiteElo "1718"]
[BlackElo "1694"]

1. b4 e5 2. b5 Bc5 3. c4 Qf6 4. e3 Ne7 5. Nc3 c6 6. a4 d5 7. h3 d4 8. Ne4 Qh6 9.
Nxc5 dxe3 10. dxe3 b6 11. Ne4 Bf5 12. Nd6+ Kf8 13. e4 Qf6 14. exf5 cxb5 15. Ne4
Qxf5 16. Bd3 bxc4 17. Be2 Qxe4 18. Qd8# 1-0

[Event "Partida 1"]
[Site "http://www.queenalice.com/game.php?id=869707"]
[Date "2010.12.9"]
[Round "-"]
[White "DG"]
[Black "antoniozla"]
[Result "0-1"]
[WhiteElo "1703"]
[BlackElo "1616"]

1. e4 e5 2. Bc4 Nf6 3. Nf3 Nc6 4. Ng5 d5 5. exd5 Nxd5 6. Qf3 Be6 7. d3 h6 8.
Nxe6 fxe6 9. O-O a6 10. Qh5+ Kd7 11. Qh3 Qf6 12. Bxd5 Re8 13. Nc3 Kd8 14. Ne4
Qf7 15. Bxc6 bxc6 16. Re1 Bb4 17. c3 Ba5 18. Nc5 Bb6 19. Rxe5 Re7 20. Nxa6 Qxf2+
21. Kh1 Qf1# 0-1

[Event "Challenge"]
[Site "http://www.queenalice.com/game.php?id=870121"]
[Date "2010.12.10"]
[Round "-"]
[White "antoniozla"]
[Black "DG"]
[Result "1-0"]
[WhiteElo "1641"]
[BlackElo "1664"]

1. e4 e5 2. Nf3 d5 3. exd5 e4 4. Ne5 Bd6 5. Nc4 b5 6. Nxd6+ cxd6 7. Bxb5+ Bd7 8.
Bxd7+ Nxd7 9. O-O Ngf6 10. d3 Nb6 11. dxe4 Nxe4 12. Be3 O-O 13. Qd3 Re8 14. Nc3
Nxc3 15. Bxb6 Qxb6 16. Qxc3 Re5 17. Qc6 Qd8 18. c4 Rc8 19. Qb5 Rc5 20. Qb4 a5
21. Qc3 Qc8 22. Rfe1 Rxc4 23. Qf3 Rf5 24. Qxf5 g6 25. Qxc8+ Rxc8 26. Rac1 Rb8
27. b3 Rb5 28. Red1 f5 29. Rc6 1-0

[Event "OS INCLIVEIS"]
[Site "http://www.queenalice.com/game.php?id=872840"]
[Date "2010.12.16"]
[Round "-"]
[White "adelio"]
[Black "DG"]
[Result "1-0"]
[WhiteElo "1692"]
[BlackElo "1679"]

1. g3 e5 2. b3 d5 3. Bb2 Nc6 4. a3 Bf5 5. Bg2 Nf6 6. h3 Bc5 7. e3 O-O 8. d3 e4
9. d4 Bb6 10. g4 Bd7 11. Ne2 Na5 12. Nd2 Bb5 13. Nf4 g5 14. Nh5 Nxh5 15. gxh5
Re8 16. Rg1 Qd6 17. Qg4 h6 18. c4 Qh2 19. Rh1 Qd6 20. cxb5 c5 21. h4 f6 22. hxg5
fxg5 23. Rh3 Qf6 24. f3 cxd4 25. fxe4 dxe3 26. Bxf6 exd2+ 27. Kxd2 Rxe4 28. Bxe4
Nxb3+ 29. Kd1 Nxa1 30. Qe6+ Kf8 31. Qe7+ 1-0

[Event "Challenge"]
[Site "http://www.queenalice.com/game.php?id=887253"]
[Date "2011.1.17"]
[Round "-"]
[White "DG"]
[Black "Olavio"]
[Result "1-0"]
[WhiteElo "1620"]
[BlackElo "1560"]

1. Nc3 c6 2. d4 d5 3. e4 Nf6 4. exd5 cxd5 5. Bf4 Nc6 6. Nb5 Qa5+ 7. c3 a6 8.
Nc7+ Kd7 9. Nxa8 e6 10. Nf3 Bd6 11. Bxd6 Kxd6 12. Ng5 Rf8 13. Bd3 Bd7 14. b4 Qa3
15. Qc1 Qxc1+ 16. Rxc1 Rxa8 17. Nxf7+ Ke7 18. Ng5 h6 19. Nf3 Na7 20. O-O Bb5 21.
Bxb5 axb5 22. Rfe1 Nc6 23. Nh4 Kf7 24. Re2 Ne7 25. Rce1 Ra6 26. g3 g5 27. Nf3
Ng6 28. h4 g4 29. Nh2 h5 30. f4 Ne4 31. Nf1 Nxc3 32. Rc2 Rc6 33. Re3 Ne4 34.
Rxc6 bxc6 35. Ra3 Nd2 36. Nxd2 Kf6 37. Ra7 Ne7 38. Nb3 Nc8 39. Rc7 Nd6 40. Rxc6
Ne4 41. Kg2 Kf5 42. Nc5 Nxc5 43. Rxc5 Ke4 44. Rxb5 Kxd4 45. a4 Kc4 46. Rb6 d4
47. Rxe6 d3 48. b5 d2 49. Rd6 Kc3 50. b6 Kc2 51. a5 d1=Q 52. Rxd1 Kxd1 53. a6
Ke2 54. b7 Ke3 55. a7 Ke2 56. b8=Q Ke3 57. a8=Q Kd2 58. Qb3 Ke2 59. Qaa2+ Ke1
60. Qbb1# 1-0

[Event "Challenge"]
[Site "http://www.queenalice.com/game.php?id=896308"]
[Date "2011.2.5"]
[Round "-"]
[White "kavalheiro"]
[Black "DG"]
[Result "1-0"]
[WhiteElo "1544"]
[BlackElo "1640"]

1. e3 e5 2. Qf3 d5 3. Nc3 Nf6 4. Nb5 e4 5. Qg3 Na6 6. Nd4 g6 7. Bxa6 Bd6 8. f4
bxa6 9. Nh3 Nh5 10. Qf2 Bxh3 11. Nc6 Qd7 12. Ne5 Bxe5 13. fxe5 Bg4 14. Rf1 O-O
15. h3 Be6 16. b3 Qc6 17. Bb2 Qxc2 18. Bc1 Qc5 19. a4 Rab8 20. Ba3 Qc2 21. Rc1
Qxb3 22. Bc5 Rfd8 23. Be7 Qb2 24. Ke2 Rd7 25. Rb1 Qxe5 26. Rxb8+ Kg7 27. Bf8+
1-0

[Event "Challenge"]
[Site "http://www.queenalice.com/game.php?id=896310"]
[Date "2011.2.5"]
[Round "-"]
[White "DG"]
[Black "oirelaw"]
[Result "1-0"]
[WhiteElo "1634"]
[BlackElo "1803"]

1. e4 Nc6 2. d4 e5 3. d5 Nd4 4. c3 Nc6 5. dxc6 Nf6 6. cxb7 Bxb7 7. Nf3 Bxe4 8.
Nxe5 Bd6 9. Bf4 Qe7 10. Qe2 Bxe5 11. Bxe5 Qxe5 12. f3 O-O 13. fxe4 Rae8 14. Nd2
d5 15. O-O-O d4 16. Nc4 Qf4+ 17. Kb1 Rxe4 18. Rxd4 Rfe8 19. Qd3 Re1+ 20. Kc2
Qc1+ 21. Kb3 g6 22. Rd8 Qg5 23. Rxe8+ Nxe8 24. g3 Qb5+ 25. Ka3 Qa6+ 26. Kb3 Qe6
27. Bg2 Re5 28. a4 Rc5 29. Kc2 Qxc4 30. Qxc4 Rxc4 31. Re1 Nd6 32. b3 Rc5 33. b4
Rf5 34. Kb3 Rf2 35. Bc6 Rxh2 36. Re7 h5 37. Rxc7 Rh3 38. Rxa7 Rxg3 39. Rd7 Nf5
40. Bd5 h4 41. Bxf7+ Kg7 42. a5 h3 43. a6 h2 44. a7 Kf6 45. a8=Q Rg1 46. Bd5
Rb1+ 47. Ka2 Rg1 48. Qc6+ Kg5 49. Rh7 Nh6 50. Rg7 Nf5 51. Rxg6+ Kh4 52. Rf6 Ne7
53. Rh6+ Kg5 54. Qf6+ Kg4 55. Qxe7 h1=Q 56. Bxh1 Rxh1 57. Rxh1 Kg3 58. Qe1+ Kg4
59. Rf1 Kg5 60. Qf2 Kg6 61. Rg1+ Kh5 62. Qh2# 1-0

[Event "vamos nessa?"]
[Site "http://www.queenalice.com/game.php?id=906641"]
[Date "2011.2.28"]
[Round "-"]
[White "DG"]
[Black "kavalheiro"]
[Result "1-0"]
[WhiteElo "1680"]
[BlackElo "1511"]

1. e4 e6 2. d4 Qf6 3. Nf3 Nc6 4. Bg5 Bb4+ 5. c3 Bxc3+ 6. bxc3 Qg6 7. Bd3 f6 8.
d5 exd5 9. exd5 Qf7 10. dxc6 fxg5 11. cxd7+ Qxd7 12. Nxg5 Qe7+ 13. Ne4 Bf5 14.
O-O Rd8 15. Qf3 g6 16. Re1 Kf8 17. Nbd2 Nh6 18. Qg3 Nf7 19. Nc4 Qd7 20. Nc5 Qc6
21. Nb3 Rxd3 22. Ne3 Rxc3 23. Nxf5 Rxg3 24. Nxg3 Qc3 25. Rac1 Qb4 26. Re4 Qd6
27. Rd4 Qa3 28. Rc2 Kg7 29. Rd7 Rf8 30. Rdxc7 Re8 31. Rxb7 Re1+ 32. Nf1 Qd6 33.
Nd2 g5 34. Rcc7 Kf6 35. Rxf7+ Kg6 36. Rfd7 Qc6 37. Rxh7 Qd5 38. Rhd7 Qxa2 39.
Rxa7 Qe6 40. Re7 Qb6 41. Nc4 Qc5 42. Rg7+ Kf5 43. Ra5 Qxa5 44. Nxa5 Kf6 45. Rg8
Re5 46. Nc4 Rc5 47. Nce3 Kf7 48. Ra8 Kf6 49. g3 Kg6 50. h4 Kh5 51. hxg5 Kxg5 52.
Nd2 Rc1+ 53. Kg2 Rc7 54. f4+ Kf6 55. Nd5+ Ke6 56. Nxc7+ Kd7 57. Ra3 Kxc7 58. Rd3
Kc6 59. f5 Kc5 60. f6 Kb4 61. f7 Kb5 62. f8=Q Kc6 63. Qc8+ Kb5 64. Rb3+ Ka4 65.
Qa8# 1-0

[Event "Challenge"]
[Site "http://www.queenalice.com/game.php?id=914643"]
[Date "2011.3.19"]
[Round "-"]
[White "Olavio"]
[Black "DG"]
[Result "1/2-1/2"]
[WhiteElo "1685"]
[BlackElo "1669"]

1. e4 Nc6 2. c3 Nf6 3. f3 e6 4. d4 d5 5. Bb5 Bd7 6. Bxc6 Bxc6 7. Bg5 dxe4 8.
Bxf6 Qxf6 9. Nd2 exf3 10. Ngxf3 Bd6 11. Nc4 Bxf3 12. Qxf3 Qxf3 13. gxf3 O-O 14.
Nxd6 cxd6 15. Rg1 Rfe8 16. O-O-O e5 17. Rge1 exd4 18. Rxe8+ Rxe8 19. Rxd4 Re1+
20. Kd2 Re6 21. b4 Rh6 22. Kd3 g5 23. a4 Rh3 24. Ke3 g4 25. Rxg4+ Kf8 26. Rd4
Ke7 27. Rd2 f5 28. Re2 Kd7 29. c4 f4+ 30. Kxf4 Rh4+ 31. Kg3 Rxc4 32. Rb2 d5 33.
a5 d4 34. h4 d3 35. b5 b6 36. axb6 axb6 37. Rd2 Rd4 38. f4 Ke6 39. Kf3 Kf5 40.
Kg3 h5 41. Kf3 Rxf4+ 42. Ke3 Rxh4 43. Kxd3 Rh3+ 44. Kd4 h4 45. Kd5 Rh1 46. Kc6
h3 47. Kxb6 Kg4 48. Kc7 Kg3 49. b6 h2 50. b7 Rb1 51. Rxh2 Rxb7+ 52. Kxb7 Kxh2
53. Kc7 1/2-1/2

[Event "Challenge"]
[Site "http://www.queenalice.com/game.php?id=927934"]
[Date "2011.4.19"]
[Round "-"]
[White "DG"]
[Black "Olavio"]
[Result "0-1"]
[WhiteElo "1689"]
[BlackElo "1583"]

1. e4 e5 2. Bc4 Qf6 3. Nf3 Bc5 4. c3 Nh6 5. d4 exd4 6. cxd4 Bb4+ 7. Bd2 Bxd2+ 8.
Qxd2 d6 9. e5 dxe5 10. dxe5 Qe7 11. O-O O-O 12. Re1 Bg4 13. Nd4 Nc6 14. e6 Qf6
15. exf7+ Rxf7 16. Bxf7+ Nxf7 17. Nf3 Bxf3 18. gxf3 Nd4 19. f4 Nf3+ 20. Kg2 Nxd2
21. Nxd2 Qxf4 22. Re4 Qxd2 23. Rae1 Nd6 24. R4e2 Qg5+ 25. Kh1 Rf8 26. Rg1 Qd5+
27. Rg2 Qd1+ 0-1